Y pondremos el pan sobre la mesa / (Record no. 175774)

MARC details
000 -LEADER
campo de control de longitud fija 00768nam a2200217 i 4500
001 - NÚMERO DE CONTROL
campo de control 175774
003 - IDENTIFICADOR DE NÚMERO DE CONTROL
campo de control ES-MaACL
005 - FECHA Y HORA DE LA ÚLTIMA TRANSACCIÓN
campo de control 20230906215922.0
008 - DATOS DE LONGITUD FIJA--INFORMACIÓN GENERAL
campo de control de longitud fija 101119s2004 sp |||| |dspa d
080 ## - NÚMERO DE LA CLASIFICACIÓN DECIMAL UNIVERSAL
Número de la Clasificación Decimal Universal 821.134.2-14"19"
100 1# - ENTRADA PRINCIPAL--NOMBRE DE PERSONA
Nombre de persona Frühbeck de Burgos, Carlos.
9 (RLIN) 52767
245 10 - MENCIÓN DEL TÍTULO
Título Y pondremos el pan sobre la mesa /
Mención de responsabilidad, etc. Carlos Frühbeck de Burgos.
260 ## - PUBLICACIÓN, DISTRIBUCIÓN, ETC.
Lugar de publicación, distribución, etc. Gijón :
Nombre del editor, distribuidor, etc. Ateneo Jovellanos,
Fecha de publicación, distribución, etc. 2004.
300 ## - DESCRIPCIÓN FÍSICA
Extensión 67 p. ;
Dimensiones 20 cm.
490 1# - MENCIÓN DE SERIE
Mención de serie Colección de poesía Ateneo Jovellanos ;
Designación de volumen o secuencia 13
586 ## - NOTA DE PREMIOS
Nota de premios Premio Internacional de Poesía Ateneo Jovellanos, 2004 (XIV edición)
710 2# - ENTRADA AGREGADA--NOMBRE DE ENTIDAD CORPORATIVA
Nombre de entidad corporativa o nombre de jurisdicción como elemento de entrada Ateneo Jovellanos (Gijón)
9 (RLIN) 2045
830 0# - PUNTO DE ACCESO ADICIONAL DE SERIE-TÍTULO UNIFORME
Título uniforme Colección de poesía Ateneo Jovellanos ;
Designación de volumen o secuencia 13
9 (RLIN) 189838
852 ## - LOCALIZACIÓN
Ubicación ES-MaACL
Número de control de estantería 2266-F-5
Holdings
Estatus retirado Estado de pérdida Estado de daño No para préstamo Colección Biblioteca de origen Biblioteca actual Ubicación en estantería Fecha de adquisición Fuente de adquisición Total de préstamos Signatura topográfica completa Código de barras Visto por última vez Precio de reemplazo Tipo de ítem Koha
        Colección de folletos Biblioteca del Ateneo de Madrid Biblioteca del Ateneo de Madrid Depósito folletos 19/11/2010     2266-F-5 1184581 23/02/2023 23/02/2023 Folleto